| 000 | 00383 a2200169 4500 | ||
|---|---|---|---|
| 001 | 145435 | ||
| 040 | _cLeonardo Da Vinci | ||
| 041 | _aPortuguês | ||
| 082 |
_a869.93 V393b _bV393b |
||
| 100 | _aVAZ, Joana Carolina | ||
| 245 | _aBreze de amora | ||
| 260 |
_bAngloVinci _c2005 _aSão Paulo |
||
| 300 | _a79 | ||
| 362 | _a20050000 | ||
| 697 | _aLiteratura juvenil | ||
| 942 | _cBK | ||
| 999 |
_c145435 _d145435 |
||